[Event "Benidorm 2004 - sub2300"]
[Site "Benidorm ESP"]
[Date "2004.11.23"]
[Round "5.15"]
[White "Montilla Carrillo, Esteban"]
[Black "Moran Rodriguez, Luciano"]
[Result "1-0"]
[WhiteElo "2267"]
[BlackElo "2159"]
[PlyCount "98"]
[EventDate "2004.11.19"]
[EventType "swiss"]
[EventRounds "9"]
[EventCountry "ESP"]
[Source "lmi"]
[SourceDate "2004.11.19"]

1. e4 c6 2. Nc3 d5 3. Nf3 Bg4 4. h3 Bxf3 5. Qxf3 e6 6. d3 Nf6 7. a3 Be7 8. g4
Na6 9. Bg2 Nc7 10. Bf4 b5 11. O-O O-O 12. Rfe1 Nfe8 13. Ne2 Bd6 14. e5 Be7 15.
d4 f5 16. Qd3 g6 17. Rf1 Ng7 18. Bd2 a5 19. a4 b4 20. c3 Na6 21. Rac1 Qd7 22.
c4 Nc7 23. cxd5 Nxd5 24. Rc2 Rfc8 25. Rfc1 Bd8 26. Rc4 Rab8 27. b3 Rb6 28. Rc5
Rb7 29. Qc2 Bb6 30. Rxc6 Rbc7 31. Rxc7 Rxc7 32. Qd3 Rxc1+ 33. Bxc1 Ne8 34. gxf5
gxf5 35. Bh6 Bd8 36. Qc4 Bb6 37. Kf1 Nec7 38. Bf3 Qe8 39. Ng3 Qg6 40. Bd2 Qe8
41. Nh5 Qa8 42. Nf6+ Kg7 43. Qd3 Qd8 44. Bxd5 Nxd5 45. Qg3+ Kf7 46. Bh6 Nxf6
47. Qg7+ Ke8 48. exf6 Bxd4 49. f7+ Ke7 1-0

[Event "Benidorm 2004 - sub2300"]
[Site "Benidorm ESP"]
[Date "2004.11.24"]
[Round "6.1"]
[White "Szmetan, Ricardo"]
[Black "Mihailovs, Jurijs"]
[Result "1-0"]
[WhiteElo "2283"]
[BlackElo "2212"]
[PlyCount "68"]
[EventDate "2004.11.19"]
[EventType "swiss"]
[EventRounds "9"]
[EventCountry "ESP"]
[Source "lmi"]
[SourceDate "2004.11.19"]

1. Nf3 c5 2. e4 e6 3. d4 cxd4 4. Nxd4 a6 5. Bd3 Bc5 6. Nb3 Ba7 7. O-O Nc6 8. c4
d6 9. Nc3 Qh4 10. Nd2 Ne5 11. Nf3 Nxf3+ 12. Qxf3 Nf6 13. h3 h5 14. Be3 Ng4 15.
Bxa7 Rxa7 16. Bc2 b6 17. Qf4 Ke7 18. Rfd1 e5 19. Nd5+ Kf8 20. Qg3 Qxg3 21. fxg3
Nf6 22. Nxf6 gxf6 23. Rxd6 b5 24. cxb5 axb5 25. Rxf6 Be6 26. Raf1 Bxa2 27. b3
Kg7 28. Rc6 Ra3 29. Kh2 b4 30. Rf3 h4 31. g4 Rh6 32. Rxh6 Kxh6 33. Rf5 Bxb3 34.
Bxb3 Rxb3 1-0

[Event "Benidorm 2004 - sub2300"]
[Site "Benidorm ESP"]
[Date "2004.11.24"]
[Round "6.2"]
[White "Pena, Alfredo"]
[Black "Garcia, Eduardo"]
[Result "1/2-1/2"]
[WhiteElo "2242"]
[BlackElo "2298"]
[PlyCount "101"]
[EventDate "2004.11.19"]
[EventType "swiss"]
[EventRounds "9"]
[EventCountry "ESP"]
[Source "lmi"]
[SourceDate "2004.11.19"]

1. e4 c5 2. Nf3 Nc6 3. Bb5 g6 4. O-O Bg7 5. Re1 Nf6 6. c3 O-O 7. d4 cxd4 8.
cxd4 d5 9. e5 Ne4 10. Be3 Bd7 11. Bf1 Qa5 12. Nbd2 Rac8 13. Nb3 Qb6 14. Nfd2
Nb4 15. Nxe4 dxe4 16. Nc5 Bc6 17. Bc4 Rfd8 18. Qb3 Nd5 19. Rad1 Qxb3 20. Bxb3
Nxe3 21. fxe3 b6 22. Na4 Bb5 23. Nc3 Bd3 24. Nd5 Kf8 25. Rd2 Bc4 26. Bxc4 Rxc4
27. Nc3 Bxe5 28. Nxe4 Bg7 29. Ng5 h6 30. Nf3 e5 31. Red1 e4 32. Ne1 Rdc8 33.
Kf2 f5 34. Ke2 Ke7 35. Rb1 Kd6 36. b3 Rc3 37. g3 g5 38. Rbb2 Rc1 39. Rd1 Bf6
40. Kd2 Rxd1+ 41. Kxd1 f4 42. gxf4 gxf4 43. exf4 Kd5 44. Nc2 Rg8 45. Ne3+ Kxd4
46. Nf5+ Kd5 47. Rd2+ Ke6 48. Ng3 Rg4 49. Nxe4 Rxf4 50. Nxf6 Rxf6 51. Ke2
1/2-1/2

[Event "Benidorm 2004 - sub2300"]
[Site "Benidorm ESP"]
[Date "2004.11.24"]
[Round "6.3"]
[White "Van Hoolandt, Patrick"]
[Black "De La Fuente Mayan, Alfredo"]
[Result "0-1"]
[WhiteElo "2269"]
[BlackElo "2174"]
[PlyCount "74"]
[EventDate "2004.11.19"]
[EventType "swiss"]
[EventRounds "9"]
[EventCountry "ESP"]
[Source "lmi"]
[SourceDate "2004.11.19"]

1. c4 Nf6 2. Nc3 c6 3. d4 d5 4. cxd5 cxd5 5. Nf3 Nc6 6. Bf4 e6 7. e3 Be7 8. Bd3
O-O 9. h3 a6 10. O-O b5 11. Rc1 Bb7 12. Ne5 Rc8 13. Qe2 Qb6 14. Bg5 Rc7 15. f4
Ne4 16. Nxc6 Bxc6 17. Bxe7 Rxe7 18. Nxe4 dxe4 19. Bb1 Bd5 20. Qd2 Rd8 21. Qc3
f5 22. Qc5 Qb7 23. Rf2 Kf7 24. Rfc2 Bc4 25. b3 Bd3 26. Rb2 Rdd7 27. Qc8 Rc7 28.
Rxc7 Qxc7 29. Qxc7 Rxc7 30. Bxd3 exd3 31. Rd2 Rc2 32. Rxd3 Rxa2 33. Rc3 a5 34.
Rc7+ Kf6 35. Rc5 b4 36. Kf1 a4 37. bxa4 b3 0-1

[Event "Benidorm 2004 - sub2300"]
[Site "Benidorm ESP"]
[Date "2004.11.24"]
[Round "6.4"]
[White "Taboas Rodriguez, Daniel"]
[Black "Fenollar Jorda, Manuel"]
[Result "1/2-1/2"]
[WhiteElo "2266"]
[BlackElo "2191"]
[PlyCount "77"]
[EventDate "2004.11.19"]
[EventType "swiss"]
[EventRounds "9"]
[EventCountry "ESP"]
[Source "lmi"]
[SourceDate "2004.11.19"]

1. d4 d5 2. c4 c6 3. cxd5 cxd5 4. Nc3 Nf6 5. Bf4 Nc6 6. e3 e6 7. Bd3 Be7 8. h3
O-O 9. g4 Ne8 10. h4 Bd6 11. Bxd6 Nxd6 12. f4 Nb4 13. Bb1 b6 14. a3 Nc6 15. Bd3
Ne7 16. Nf3 Bb7 17. Qc2 f5 18. Ne5 a5 19. Rc1 Ba6 20. g5 Qc8 21. Kf2 Qb7 22.
Bxa6 Qxa6 23. Qe2 Qb7 24. h5 Rfc8 25. h6 g6 26. Nb5 Ne4+ 27. Kg2 Nc6 28. Nf3
Nd8 29. Rhd1 Nf7 30. b3 a4 31. bxa4 Rxa4 32. Qb2 Rac4 33. Rxc4 Rxc4 34. Rc1 Qc6
35. Na7 Qc7 36. Nb5 Qc8 37. Na7 Qc7 38. Nb5 Qc8 39. Na7 1/2-1/2

[Event "Benidorm 2004 - sub2300"]
[Site "Benidorm ESP"]
[Date "2004.11.24"]
[Round "6.6"]
[White "Garcia Gata, Jorge David"]
[Black "Farfan, Ortiz Alfredo"]
[Result "1/2-1/2"]
[WhiteElo "2021"]
[BlackElo "2246"]
[PlyCount "73"]
[EventDate "2004.11.19"]
[EventType "swiss"]
[EventRounds "9"]
[EventCountry "ESP"]
[Source "lmi"]
[SourceDate "2004.11.19"]

1. d4 d5 2. Nf3 Nf6 3. c4 c6 4. Nc3 e6 5. Bg5 dxc4 6. e4 b5 7. e5 h6 8. Bh4 g5
9. Nxg5 hxg5 10. Bxg5 Nbd7 11. exf6 Bb7 12. g3 c5 13. d5 Nxf6 14. Bg2 Be7 15.
O-O Nxd5 16. Bxe7 Kxe7 17. Nxb5 Qb6 18. Re1 Qxb5 19. Bxd5 Rad8 20. Bxe6 fxe6
21. Qg4 Bd5 22. Qg7+ Kd6 23. Rad1 Rhe8 24. Qf7 Qd7 25. Qf6 Kc6 26. Re5 Qe7 27.
Qg6 Kc7 28. Rde1 Qd6 29. Qf7+ Kb8 30. Qf4 Ka8 31. Rd1 Qc6 32. Qf6 Rf8 33. Rexd5
Qxd5 34. Rxd5 exd5 35. Qc6+ Kb8 36. Qb5+ Ka8 37. Qc6+ 1/2-1/2

[Event "Benidorm 2004 - sub2300"]
[Site "Benidorm ESP"]
[Date "2004.11.24"]
[Round "6.7"]
[White "Diaz Castro, Sergio"]
[Black "Garcia Garcia, Ruben"]
[Result "0-1"]
[WhiteElo "2209"]
[BlackElo "2297"]
[PlyCount "76"]
[EventDate "2004.11.19"]
[EventType "swiss"]
[EventRounds "9"]
[EventCountry "ESP"]
[Source "lmi"]
[SourceDate "2004.11.19"]

1. d4 Nf6 2. c4 g6 3. Nc3 Bg7 4. e4 d6 5. Be2 O-O 6. Nf3 e5 7. d5 a5 8. Bg5 h6
9. Bh4 Qe8 10. b3 Nh5 11. Nd2 Nf4 12. O-O g5 13. Bg3 f5 14. exf5 e4 15. f6 Bxf6
16. Ndxe4 Be5 17. Bg4 Na6 18. Bxc8 Rxc8 19. Rc1 Qg6 20. f3 h5 21. Ne2 g4 22.
Nxf4 Bxf4 23. Bxf4 Rxf4 24. Ng3 Re8 25. Qd2 Qg5 26. Ne2 gxf3 27. Rxf3 Rxe2 28.
Qxe2 Rxf3 29. Re1 Rf6 30. a3 Qf5 31. h3 Nc5 32. Qe7 Rf7 33. Qe8+ Rf8 34. Qe7
Qf6 35. Qe2 Qg6 36. Qe7 Nd3 37. Re6 Qg3 38. Rh6 Rf1+ 0-1

[Event "Benidorm 2004 - sub2300"]
[Site "Benidorm ESP"]
[Date "2004.11.24"]
[Round "6.8"]
[White "Buxade Roca, Guillermo"]
[Black "Dimitrov, Christo"]
[Result "0-1"]
[WhiteElo "2203"]
[BlackElo "2290"]
[PlyCount "92"]
[EventDate "2004.11.19"]
[EventType "swiss"]
[EventRounds "9"]
[EventCountry "ESP"]
[Source "lmi"]
[SourceDate "2004.11.19"]

1. e4 c5 2. Nc3 Nc6 3. Nf3 e5 4. Bc4 d6 5. d3 Be7 6. O-O Nf6 7. Ng5 O-O 8. f4
exf4 9. Bxf4 Bg4 10. Qd2 Nd4 11. Rae1 h6 12. Nf3 Nxf3+ 13. gxf3 Bh3 14. Rf2 Nh5
15. Bg3 Bf6 16. Ne2 Nxg3 17. hxg3 Bd7 18. Rh2 Bc6 19. Rh5 Re8 20. Nc3 Re5 21.
Rxe5 Bxe5 22. f4 Bd4+ 23. Kh2 Qa5 24. Re2 Re8 25. Nd1 Qxd2 26. Rxd2 b5 27. Bb3
a5 28. c3 Bf6 29. Ne3 a4 30. Bd5 Bd7 31. a3 g6 32. Kg2 Rb8 33. Kf3 Kg7 34. Rc2
h5 35. Rd2 b4 36. cxb4 cxb4 37. Nc4 bxa3 38. bxa3 Bd4 39. Nxd6 Bg4+ 40. Kg2 Rb1
41. Nxf7 Rg1+ 42. Kh2 Bf3 43. g4 h4 44. Kh3 Be3 45. Rh2 Bxf4 46. Nd8 Bxg4+ 0-1

[Event "Benidorm 2004 - sub2300"]
[Site "Benidorm ESP"]
[Date "2004.11.24"]
[Round "6.9"]
[White "Garcia Amoros, Pablo"]
[Black "Goormachtigh, Johan"]
[Result "0-1"]
[WhiteElo "2181"]
[BlackElo "2279"]
[PlyCount "60"]
[EventDate "2004.11.19"]
[EventType "swiss"]
[EventRounds "9"]
[EventCountry "ESP"]
[Source "lmi"]
[SourceDate "2004.11.19"]

1. e4 c5 2. Nf3 Nc6 3. d4 cxd4 4. Nxd4 g6 5. c4 Bg7 6. Be3 Nf6 7. Nc3 d6 8. h3
O-O 9. Be2 Bd7 10. O-O Nxd4 11. Bxd4 Bc6 12. Qd3 a5 13. b3 Nd7 14. Bxg7 Kxg7
15. Qd4+ Kg8 16. Rab1 Nc5 17. Rfe1 e5 18. Qe3 Qh4 19. Bf3 Ne6 20. Rbd1 Nd4 21.
g3 Qf6 22. Bg2 Nc2 23. Qd2 Nxe1 24. Rxe1 Kg7 25. Re3 Qe6 26. Rd3 Rfd8 27. c5
Rd7 28. Nd5 dxc5 29. Qc3 Bxd5 30. exd5 Qd6 0-1

[Event "Benidorm 2004 - sub2300"]
[Site "Benidorm ESP"]
[Date "2004.11.24"]
[Round "6.10"]
[White "Gonzalez Aguirre, Luis"]
[Black "Montilla Carrillo, Esteban"]
[Result "0-1"]
[WhiteElo "2154"]
[BlackElo "2267"]
[PlyCount "70"]
[EventDate "2004.11.19"]
[EventType "swiss"]
[EventRounds "9"]
[EventCountry "ESP"]
[Source "lmi"]
[SourceDate "2004.11.19"]

1. c4 c5 2. g3 Nf6 3. Bg2 d5 4. cxd5 Nxd5 5. Nc3 Nc7 6. d3 e5 7. Nf3 Nc6 8. O-O
Be7 9. Nd2 O-O 10. Bxc6 bxc6 11. Nc4 f6 12. Bd2 Bh3 13. Re1 Qd7 14. Qa4 Rab8
15. Rac1 Ne6 16. Nd1 Nd4 17. Bc3 Rfc8 18. Nde3 Bf8 19. f3 h5 20. Kf2 Qe7 21.
Na5 g6 22. Nec4 Qe6 23. e3 Nxf3 24. Rh1 Ng5 25. e4 Rc7 26. Ne3 Qd7 27. Rcd1 Kh8
28. Nac4 Ne6 29. Nd5 cxd5 30. Qxd7 Rxd7 31. Nxe5 fxe5 32. Bxe5+ Bg7 33. Bxb8
Rb7 34. exd5 Rxb2+ 35. Ke3 Nd4 0-1

[Event "Benidorm 2004 - sub2300"]
[Site "Benidorm ESP"]
[Date "2004.11.24"]
[Round "6.11"]
[White "Rocabert Andreu, Guillem"]
[Black "Palma Macias, Jose Alberto"]
[Result "1/2-1/2"]
[WhiteElo "2248"]
[BlackElo "2164"]
[PlyCount "48"]
[EventDate "2004.11.19"]
[EventType "swiss"]
[EventRounds "9"]
[EventCountry "ESP"]
[Source "lmi"]
[SourceDate "2004.11.19"]

1. Nf3 Nf6 2. c4 g6 3. Nc3 Bg7 4. g3 O-O 5. Bg2 d6 6. O-O Nc6 7. d3 e5 8. Rb1
a5 9. a3 h6 10. b4 axb4 11. axb4 Bd7 12. b5 Ne7 13. Nd2 Qc8 14. Re1 Ne8 15. Qb3
f5 16. Nd5 Rf7 17. Bb2 f4 18. Ra1 Rb8 19. Ne4 Nf6 20. Nxe7+ Rxe7 21. Nxf6+ Bxf6
22. gxf4 Bh3 23. d4 Bxg2 24. Kxg2 Qg4+ 1/2-1/2

[Event "Benidorm 2004 - sub2300"]
[Site "Benidorm ESP"]
[Date "2004.11.24"]
[Round "6.13"]
[White "Minaya, Juan"]
[Black "Monmeneu Chulia, Victor"]
[Result "1/2-1/2"]
[WhiteElo "2278"]
[BlackElo "2182"]
[PlyCount "56"]
[EventDate "2004.11.19"]
[EventType "swiss"]
[EventRounds "9"]
[EventCountry "ESP"]
[Source "lmi"]
[SourceDate "2004.11.19"]

1. e4 Nc6 2. Nc3 e5 3. g3 g6 4. Bg2 Bg7 5. d3 d6 6. Be3 f5 7. Qd2 Be6 8. exf5
Bxf5 9. Nge2 Qd7 10. d4 Nf6 11. h3 Nb4 12. Rc1 c6 13. g4 Be6 14. dxe5 dxe5 15.
Qxd7+ Nxd7 16. a3 Nd5 17. Bd2 O-O 18. O-O Nf4 19. Ng3 Nb6 20. Nce4 Nxg2 21.
Kxg2 Nd5 22. Rfe1 b6 23. Rcd1 Nf4+ 24. Kh2 Bd5 25. Be3 Rad8 26. b3 c5 27. c4
Bc6 28. Rxd8 Rxd8 1/2-1/2

[Event "Benidorm 2004 - sub2300"]
[Site "Benidorm ESP"]
[Date "2004.11.24"]
[Round "6.14"]
[White "Bosque Ortega, Xavier"]
[Black "Martin Martin, Luis Vicente"]
[Result "1/2-1/2"]
[WhiteElo "2267"]
[BlackElo "2149"]
[PlyCount "78"]
[EventDate "2004.11.19"]
[EventType "swiss"]
[EventRounds "9"]
[EventCountry "ESP"]
[Source "lmi"]
[SourceDate "2004.11.19"]

1. d4 Nf6 2. Nf3 c5 3. c3 e6 4. Bf4 cxd4 5. cxd4 Qb6 6. Qb3 Qxb3 7. axb3 Nc6 8.
e3 b6 9. Be2 Bb4+ 10. Nbd2 Ne4 11. Ra4 Bb7 12. Bb5 a5 13. Ke2 Nxd2 14. Nxd2 Na7
15. Bd3 Bxg2 16. Rg1 Bc6 17. Raa1 g6 18. Nc4 Nc8 19. Bc7 Ra7 20. Bxb6 Nxb6 21.
Nxb6 Ke7 22. Rgc1 Rb8 23. Nc4 Bb5 24. Ne5 Bxd3+ 25. Nxd3 Bd6 26. Rc3 Rab7 27.
h3 Rb5 28. e4 Kd8 29. Ra4 Bb4 30. Nxb4 Rxb4 31. Rxb4 Rxb4 32. Ke3 d6 33. f3 Kd7
34. Rd3 Rb5 35. Kf4 Ke7 36. h4 Kf6 37. Kg4 h6 38. Re3 Rb4 39. Rd3 Rb5 1/2-1/2

[Event "Benidorm 2004 - sub2300"]
[Site "Benidorm ESP"]
[Date "2004.11.24"]
[Round "6.15"]
[White "Stoeckmann, Helmut"]
[Black "Celaya Tapiz, Jose Maria"]
[Result "1-0"]
[WhiteElo "2174"]
[BlackElo "2265"]
[PlyCount "63"]
[EventDate "2004.11.19"]
[EventType "swiss"]
[EventRounds "9"]
[EventCountry "ESP"]
[Source "lmi"]
[SourceDate "2004.11.19"]

1. c4 e5 2. Nc3 Nf6 3. Nf3 Nc6 4. d4 exd4 5. Nxd4 Bb4 6. Bg5 h6 7. Bh4 Ne5 8.
e3 Bxc3+ 9. bxc3 Ng6 10. Bg3 Ne4 11. Be2 d6 12. Qc2 Nxg3 13. hxg3 O-O 14. Rd1
Qf6 15. f4 Re8 16. Kf2 a6 17. Bf3 Nf8 18. Rh5 Nd7 19. g4 Nc5 20. g5 Qe7 21. Re1
Bd7 22. gxh6 g6 23. Rg5 Kh7 24. e4 Kxh6 25. e5 Kh7 26. Bh5 Rg8 27. Rh1 Kg7 28.
Bxg6 Kf8 29. Rh7 Rg7 30. Rxg7 Kxg7 31. Bxf7+ Kxf7 32. Qh7+ 1-0

[Event "Benidorm 2004 - sub2300"]
[Site "Benidorm ESP"]
[Date "2004.11.25"]
[Round "7.1"]
[White "De La Fuente Mayan, Alfredo"]
[Black "Szmetan, Ricardo"]
[Result "1/2-1/2"]
[WhiteElo "2174"]
[BlackElo "2283"]
[PlyCount "30"]
[EventDate "2004.11.19"]
[EventType "swiss"]
[EventRounds "9"]
[EventCountry "ESP"]
[Source "lmi"]
[SourceDate "2004.11.19"]

1. e4 c5 2. Nf3 e6 3. d4 cxd4 4. Nxd4 a6 5. Bd3 Nc6 6. Nxc6 bxc6 7. O-O e5 8.
c4 Nf6 9. Nc3 d6 10. Qe2 Be7 11. Rd1 O-O 12. b3 Nd7 13. Na4 Nb6 14. Nxb6 Qxb6
15. Be3 c5 1/2-1/2

[Event "Benidorm 2004 - sub2300"]
[Site "Benidorm ESP"]
[Date "2004.11.25"]
[Round "7.2"]
[White "Garcia, Eduardo"]
[Black "Renteria, Jorge"]
[Result "0-1"]
[WhiteElo "2298"]
[BlackElo "2259"]
[PlyCount "64"]
[EventDate "2004.11.19"]
[EventType "swiss"]
[EventRounds "9"]
[EventCountry "ESP"]
[Source "lmi"]
[SourceDate "2004.11.19"]

1. e4 c5 2. c3 d6 3. d4 Nf6 4. dxc5 Nc6 5. f3 d5 6. exd5 Qxd5 7. Qxd5 Nxd5 8.
Bc4 e6 9. Bxd5 exd5 10. Be3 Ne5 11. b4 a5 12. Bd4 Nd3+ 13. Kd2 Bf5 14. b5 Nxc5
15. Ne2 Nd3 16. a4 f6 17. Nc1 Nb2 18. Nb3 Bd6 19. g3 Kf7 20. Ra2 Nc4+ 21. Ke2
h5 22. N1d2 h4 23. g4 Rhe8+ 24. Kf2 Bd3 25. Nxc4 Bxc4 26. Rb2 Re7 27. h3 Rae8
28. Rhb1 Bg3+ 29. Kg2 Re1 30. Rxe1 Rxe1 31. Nd2 Re2+ 32. Kg1 Bd3 0-1

[Event "Benidorm 2004 - sub2300"]
[Site "Benidorm ESP"]
[Date "2004.11.25"]
[Round "7.3"]
[White "Farfan, Ortiz Alfredo"]
[Black "Garcia Garcia, Ruben"]
[Result "0-1"]
[WhiteElo "2246"]
[BlackElo "2297"]
[PlyCount "84"]
[EventDate "2004.11.19"]
[EventType "swiss"]
[EventRounds "9"]
[EventCountry "ESP"]
[Source "lmi"]
[SourceDate "2004.11.19"]

1. e4 c5 2. Nf3 Nc6 3. d4 cxd4 4. Nxd4 Nf6 5. Nc3 e5 6. Ndb5 d6 7. Bg5 a6 8.
Na3 b5 9. Bxf6 gxf6 10. Nd5 Bg7 11. Bd3 Ne7 12. Nxe7 Qxe7 13. c4 f5 14. O-O O-O
15. Qf3 d5 16. cxd5 fxe4 17. Bxe4 Rb8 18. Bf5 Qf6 19. Be4 Qd6 20. g4 h5 21. h3
Qh6 22. Nc2 hxg4 23. hxg4 f5 24. gxf5 Rb6 25. Ne3 Rg6+ 26. Ng2 Rg5 27. Rfc1
Bxf5 28. Rc6 Qh7 29. Bxf5 Rgxf5 30. Qe4 Qh3 31. Rc3 Qh6 32. Rc8 Rxf2 33. Rxf8+
Rxf8 34. Rd1 Qb6+ 35. Qe3 Qxe3+ 36. Nxe3 Rf3 37. Nc2 e4 38. d6 Rd3 39. Rxd3
exd3 40. Ne3 Bd4 41. Kf2 d2 42. d7 Bxe3+ 0-1

[Event "Benidorm 2004 - sub2300"]
[Site "Benidorm ESP"]
[Date "2004.11.25"]
[Round "7.4"]
[White "Dimitrov, Christo"]
[Black "Pena, Alfredo"]
[Result "1/2-1/2"]
[WhiteElo "2290"]
[BlackElo "2242"]
[PlyCount "71"]
[EventDate "2004.11.19"]
[EventType "swiss"]
[EventRounds "9"]
[EventCountry "ESP"]
[Source "lmi"]
[SourceDate "2004.11.19"]

1. e4 e5 2. Nf3 Nc6 3. Bc4 Bc5 4. c3 Nf6 5. d3 d6 6. O-O Bg4 7. h3 Bh5 8. Re1
O-O 9. Bb3 Re8 10. Nbd2 d5 11. Qe2 Bg6 12. Bc2 a5 13. a4 Qd7 14. Nf1 Rad8 15.
Ng3 h6 16. Nh4 Bh7 17. Qf3 Re6 18. Bb3 Ne7 19. Ngf5 Nxf5 20. Nxf5 Rb6 21. Bc2
dxe4 22. dxe4 Bxf5 23. exf5 e4 24. Bxe4 Qe7 25. b4 axb4 26. a5 Ra6 27. Bf4 Re8
28. Bxb7 Qxe1+ 29. Rxe1 Rxe1+ 30. Kh2 Rxa5 31. cxb4 Bxb4 32. Bxc7 Raa1 33. g4
Bc5 34. Bg3 Ra2 35. Kg2 Ree2 36. Bc6 1/2-1/2

[Event "Benidorm 2004 - sub2300"]
[Site "Benidorm ESP"]
[Date "2004.11.25"]
[Round "7.5"]
[White "Goormachtigh, Johan"]
[Black "Fenollar Jorda, Manuel"]
[Result "0-1"]
[WhiteElo "2279"]
[BlackElo "2191"]
[PlyCount "64"]
[EventDate "2004.11.19"]
[EventType "swiss"]
[EventRounds "9"]
[EventCountry "ESP"]
[Source "lmi"]
[SourceDate "2004.11.19"]

1. d4 d5 2. c4 c6 3. Nc3 Nf6 4. Nf3 e6 5. e3 Nbd7 6. Qc2 Bd6 7. Bd3 Qe7 8. O-O
dxc4 9. Bxc4 e5 10. dxe5 Nxe5 11. Nxe5 Bxe5 12. f4 Bc7 13. Bd2 Be6 14. Be2
O-O-O 15. e4 Qc5+ 16. Kh1 Nxe4 17. Be1 f5 18. Qa4 Qd4 19. Qa3 Bd6 20. Qa4 Bc5
21. Qc2 Bb6 22. Rd1 Qc5 23. Qb1 Rxd1 24. Qxd1 Rd8 25. Qc1 g6 26. Qb1 Nd2 27.
Bxd2 Rxd2 28. Bf3 Bc4 29. Re1 Qf2 30. Ne4 fxe4 31. Qxe4 Rd8 32. Qe5 Bc7 0-1

[Event "Benidorm 2004 - sub2300"]
[Site "Benidorm ESP"]
[Date "2004.11.25"]
[Round "7.6"]
[White "Montilla Carrillo, Esteban"]
[Black "Garcia Gata, Jorge David"]
[Result "1/2-1/2"]
[WhiteElo "2267"]
[BlackElo "2021"]
[PlyCount "62"]
[EventDate "2004.11.19"]
[EventType "swiss"]
[EventRounds "9"]
[EventCountry "ESP"]
[Source "lmi"]
[SourceDate "2004.11.19"]

1. e4 c5 2. Nf3 d6 3. d4 cxd4 4. Nxd4 Nf6 5. Nc3 g6 6. Be3 Bg7 7. f3 O-O 8. Qd2
Nc6 9. Bc4 Bd7 10. O-O-O Rb8 11. Bb3 Na5 12. h4 b5 13. Bh6 Bxh6 14. Qxh6 e5 15.
Nde2 Nxb3+ 16. cxb3 b4 17. Nd5 Nxd5 18. Rxd5 Be6 19. Rd3 Qc7+ 20. Kb1 Rfc8 21.
Rd2 Rb6 22. g4 Ra6 23. Rc1 Rc6 24. Rxc6 Qxc6 25. Qe3 d5 26. g5 dxe4 27. fxe4
Bg4 28. a4 bxa3 29. bxa3 Bxe2 30. Rxe2 Qa6 31. Kb2 Rd8 1/2-1/2

[Event "Benidorm 2004 - sub2300"]
[Site "Benidorm ESP"]
[Date "2004.11.25"]
[Round "7.7"]
[White "Sanchez Barbado, Carlos"]
[Black "Taboas Rodriguez, Daniel"]
[Result "0-1"]
[WhiteElo "2082"]
[BlackElo "2266"]
[PlyCount "66"]
[EventDate "2004.11.19"]
[EventType "swiss"]
[EventRounds "9"]
[EventCountry "ESP"]
[Source "lmi"]
[SourceDate "2004.11.19"]

1. e4 e5 2. Nf3 Nc6 3. Bb5 Nge7 4. O-O g6 5. c3 Bg7 6. d4 O-O 7. dxe5 Nxe5 8.
Nxe5 Bxe5 9. c4 Bg7 10. Nc3 d6 11. Bg5 h6 12. Bh4 g5 13. Bg3 Ng6 14. Ba4 Be6
15. Nd5 a6 16. Qd2 Ne5 17. Rac1 Nxc4 18. Rxc4 b5 19. Rc2 Bxd5 20. Qxd5 bxa4 21.
Rfc1 Rb8 22. Rxc7 Bxb2 23. R1c2 Be5 24. h3 Rb1+ 25. Kh2 Bxg3+ 26. fxg3 Qf6 27.
Qf5 Qa1 28. g4 Rh1+ 29. Kg3 Rf1 30. Qa5 Qf6 31. Kh2 Qf4+ 32. g3 Qxe4 33. Rg2
Qb1 0-1

[Event "Benidorm 2004 - sub2300"]
[Site "Benidorm ESP"]
[Date "2004.11.25"]
[Round "7.8"]
[White "Mihailovs, Jurijs"]
[Black "Van Hoolandt, Patrick"]
[Result "1-0"]
[WhiteElo "2212"]
[BlackElo "2269"]
[PlyCount "117"]
[EventDate "2004.11.19"]
[EventType "swiss"]
[EventRounds "9"]
[EventCountry "ESP"]
[Source "lmi"]
[SourceDate "2004.11.19"]

1. Nf3 Nf6 2. c4 e6 3. Nc3 Bb4 4. g4 h6 5. Rg1 d6 6. h4 e5 7. Nd5 Bc5 8. Nxf6+
Qxf6 9. d3 Nc6 10. g5 Bb4+ 11. Bd2 hxg5 12. hxg5 Bxd2+ 13. Qxd2 Qg6 14. O-O-O
Bd7 15. Bg2 O-O-O 16. Rh1 f5 17. Nh4 Qe8 18. Bd5 Ne7 19. Bg2 Bc6 20. Qe3 Kb8
21. Kb1 f4 22. Bxc6 Qxc6 23. Qe4 Rh5 24. Qxc6 bxc6 25. Nf3 Rdh8 26. Rhg1 c5 27.
a3 a5 28. Kc2 Kc8 29. Kb3 Kd7 30. Ka4 Nc6 31. b3 g6 32. Nd2 Rh2 33. Ne4 Nd4 34.
e3 fxe3 35. fxe3 Nf5 36. Nf6+ Ke6 37. e4 Ne3 38. Rde1 Ng2 39. Ref1 Ne3 40. Rf3
R8h3 41. Rfg3 Rxg3 42. Rxg3 Nd1 43. Nd5 c6 44. Nc7+ Kd7 45. Na6 Kc8 46. Kxa5
Kd7 47. Rf3 Rh5 48. Kb6 Rxg5 49. Nb8+ Ke6 50. Kxc6 Rg2 51. b4 cxb4 52. axb4 g5
53. b5 g4 54. Rf8 Ke7 55. Nd7 g3 56. b6 Rf2 57. Rg8 g2 58. b7 Rf8 59. Nxf8 1-0

[Event "Benidorm 2004 - sub2300"]
[Site "Benidorm ESP"]
[Date "2004.11.25"]
[Round "7.9"]
[White "Roofthoofd, Marcel"]
[Black "Palma Macias, Jose Alberto"]
[Result "1-0"]
[WhiteElo "2262"]
[BlackElo "2164"]
[PlyCount "87"]
[EventDate "2004.11.19"]
[EventType "swiss"]
[EventRounds "9"]
[EventCountry "ESP"]
[Source "lmi"]
[SourceDate "2004.11.19"]

1. e4 c5 2. Nf3 Nc6 3. d4 cxd4 4. Nxd4 e5 5. Nxc6 bxc6 6. Bd3 Ba6 7. c4 Nf6 8.
O-O Bc5 9. Nd2 O-O 10. Nf3 d5 11. cxd5 Bxd3 12. Qxd3 cxd5 13. Bg5 dxe4 14. Qxd8
Rfxd8 15. Nxe5 Rd6 16. Rfd1 Rad8 17. Rxd6 Rxd6 18. Rc1 h6 19. Bxf6 gxf6 20. Nc4
Rd5 21. Kf1 Kg7 22. Ke2 f5 23. g3 Kf6 24. Ne3 Bxe3 25. Kxe3 Ra5 26. a3 Rb5 27.
b4 Rd5 28. Rc6+ Kg7 29. Ra6 Rd3+ 30. Ke2 Rd7 31. a4 Rd4 32. b5 Rd7 33. f3 exf3+
34. Kxf3 f6 35. Rc6 Kg6 36. Rc4 Rd2 37. Rc7 a6 38. b6 Rb2 39. b7 a5 40. Ke3 h5
41. h4 f4+ 42. gxf4 Kf5 43. Rc5+ Ke6 44. Rb5 1-0

[Event "Benidorm 2004 - sub2300"]
[Site "Benidorm ESP"]
[Date "2004.11.25"]
[Round "7.10"]
[White "Ballesteros Gonzalez, David"]
[Black "Stoeckmann, Helmut"]
[Result "1/2-1/2"]
[WhiteElo "2248"]
[BlackElo "2174"]
[PlyCount "120"]
[EventDate "2004.11.19"]
[EventType "swiss"]
[EventRounds "9"]
[EventCountry "ESP"]
[Source "lmi"]
[SourceDate "2004.11.19"]

1. d4 Nf6 2. Nf3 e6 3. c4 Bb4+ 4. Bd2 Qe7 5. a3 Bxd2+ 6. Nbxd2 d6 7. e4 e5 8.
d5 O-O 9. Be2 a5 10. O-O a4 11. Ne1 Nbd7 12. Nd3 b6 13. b4 axb3 14. Qxb3 Ne8
15. Qc3 g6 16. f4 exf4 17. Nxf4 Ne5 18. Nf3 Nf6 19. Nxe5 dxe5 20. Nd3 Nxe4 21.
Qxe5 Qxe5 22. Nxe5 Nd6 23. Bd3 Re8 24. Nc6 Re3 25. Rf3 Rxf3 26. gxf3 Bd7 27.
Ne5 Be8 28. Kf2 Nb7 29. Ke3 Nc5 30. Bc2 Ba4 31. Kd2 Bxc2 32. Kxc2 Re8 33. Re1
Ra8 34. Re3 Kg7 35. Nc6 Ra4 36. Rc3 Kf6 37. Nd4 Ke7 38. Kb2 Kd7 39. Nb3 Kd6 40.
Nxc5 Kxc5 41. Kb3 Ra8 42. Re3 Kd6 43. Kb4 Rb8 44. a4 Ra8 45. Re4 h5 46. h4 Rf8
47. Kb5 Ra8 48. Re2 Ra5+ 49. Kb4 Ra8 50. f4 Rb8 51. Kb5 Ra8 52. Rf2 Ra5+ 53.
Kb4 c5+ 54. Kb3 Ra8 55. f5 Rg8 56. a5 bxa5 57. fxg6 fxg6 58. Ka4 Rb8 59. Kxa5
Ke5 60. Rd2 Kd6 1/2-1/2